000 00986cam a22003017a 4500
003 CHAP
005 20220329140340.0
008 971013s1964 r 00010 d
010 _a50782
011 _a51754
035 _a55904
040 _cCHAP
082 _a526.982
_bP5
100 0 0 _aPlata Rodríguez, Eduardo.
_989121
245 1 3 _aLa fotografía aérea aplicada al estudio de la vegetación y suelos
260 _aTunja :
_bUniv. Pedagógica y Tecnológica de Colombia. Fac. de Agronomía,
_c1964
300 _a22 h.
_b: ilus.
500 _aMimeógrafo
590 _aBATCH-UPD
_b10
_c20130110
_lUCH01
_h0542
590 _aBATCH-UPD
_b10
_c20130410
_lUCH01
_h0222
590 _aBATCH-UPD
_b10
_c20130914
_lUCH01
_h1433
590 _aCONVERSION
_b10
_c20130109
_lUCH01
_h1328
650 1 4 _aFotografía aérea.
_942714
650 1 4 _aFotogrametría.
_942720
901 _aBK
942 _cLIBRO
949 _a526.982 P5
_bBC
_cLIBRO
_d33724000922639
_eLIBRO
_gfotocopia
_h104416
_i55904
_si
999 _c50782
_d50782